Pracovní útvar v Revúci (1943-1944)

Bibliographic Details
Main Author: Nečas, Ctibor, 1933- (Author)
Format: Article
Language:Czech
PhysicalDescription:Tab.
Subjects:

MARC

LEADER 00000nab a2200000 ar4500
001 vtls009321803
003 SK-MaSNL
005 20260305035431.0
008 180405|1979 xo |||||||||||||| b|cze
015 |a SNBRB2008/08  |2 snkbucl 
038 |a SNKBUCL 
040 |a SNKBUCL  |b slo  |e AACR2  |c SNKBUCL 
041 0 |a cze 
044 |a xo  |c SK 
080 |a 94(437.6)"1943/1944"  |2 2001 
080 |a 342.262  |x (437.6)  |x "1943/1944"  |2 2001 
100 1 |a Nečas, Ctibor,  |d 1933-  |4 aut  |9 115604 
245 1 0 |a Pracovní útvar v Revúci (1943-1944)  |c Ctibor Nečas 
300 |b Tab. 
504 |a Bibliogr. odkazy 
648 7 |a 1943-1944  |2 snkbucl  |9 280699 
650 0 7 |a pracovné tábory  |2 snkbucl  |9 2655 
650 0 7 |a nútené práce  |2 snkbucl  |9 2680 
650 0 7 |a druhá svetová vojna (1939-1945)  |2 snkbucl  |9 169657 
651 7 |a Revúca (Slovensko)  |2 snkbucl  |9 31503 
773 0 |t Obzor Gemera  |g Roč. 10, č. 2 (1979), s. 66-70 
852 |a SNK  |b KIS3GCP 
958 |a NB 
999 |c 3333810  |d 3335740